| 000 | 00659nam a2200253Ia 4500 | ||
|---|---|---|---|
| 001 | Para_7445 | ||
| 003 | CHAP | ||
| 008 | 220125s9999 xx 000 0 und d | ||
| 010 | _a206333 | ||
| 040 | _cCHAP | ||
| 082 | _aPA-C 632.3 M4 | ||
| 245 | _aEnfermedades del tomate | ||
| 300 | _a11 h. | ||
| 500 | _aEncuadernado con otros impresos similares | ||
| 650 |
_aFitopatología _x colecciones de escritos _9172523 |
||
| 650 |
_aTomate _x enfermedades _9113711 |
||
| 901 | _aPA-C 632.3 M4 | ||
| 902 | _aA | ||
| 905 | _a000000 0000000000 00 | ||
| 910 | _a | ||
| 942 | _cPARA | ||
| 942 |
_cPARA _d1 |
||
| 999 |
_c206333 _d206333 |
||